| 000 | 00860nam a2200253 i 4500 | ||
|---|---|---|---|
| 001 | 104934 | ||
| 003 | ES-MaACL | ||
| 005 | 20230906183728.0 | ||
| 007 | t| | ||
| 008 | 060530s1977 sp ||||1| spa d | ||
| 020 | _a84-7235-303-6 | ||
| 080 | _a791.43(46)"1931/39" | ||
| 100 | 1 |
_aCaparrós Lera, José María. _934780 |
|
| 245 | 1 | 3 |
_aEl cine republicano español (1931-1939) / _cJose Mª. Caparros Lera ; prólogo de Jaume Miravitlles. |
| 250 | _a1ª ed. | ||
| 260 |
_aBarcelona : _bDopesa, _c1977. |
||
| 300 |
_a280 p., 16 h. de lám. ; _c20 cm. |
||
| 490 | 1 |
_aImágenes históricas de hoy ; _v9 |
|
| 650 | 1 | 4 |
_aCine- _zEspaña- _y1931-1939. _9171098 |
| 700 | 1 |
_aMiravitlles, Jaume. _981574 |
|
| 830 | 1 |
_aImágenes históricas de hoy ; _v9 _9186389 |
|
| 852 |
_aES-MaACL _jE-11331 _z- Biblioteca Jacinto Martínez Lacalle |
||
| 999 |
_c104934 _d104934 |
||